00896nam a2200265Ia 450000500170000000800270001702000180004410000410006224501100010325000170021330000260023049000270025650000620028365000300034565000320037570000310040794200150043826400280045333600270048133700330050833800280054104000350056908400110060499900150061520220317000339.0141031s9999 ck 000 0 spa d a97895003082121 aGarcía Lorca, Federico,d1898-193610aPoeta en Nueva York cFederico García Lorca ; estudio preliminar y bibliografía de Gabriela Cerviño a2a edición a192 páginasc23 cm. aClásicos universales aEstudio preliminar y bibliografía de Gabriela Cerviño142LEMBaPoesía española142LEMBaLiteratura española1 aCerviño, Gabriela917077 2loccBKLIT aBarcelonabLosadac2013 atextobtxt2rdacontent asin mediaciónbn2rdamedia avolumenbnc2rdacarrier aCO-BoRNBPbspaerdacCO-BoRNBP aP GAR1 c3795d3795